Statistics for nba player quiz

Click here to take the quiz!

General Stats

  • This quiz has been taken 15 times
  • The average score is 11 of 14

Answer Stats

Answer% Correct
Lebron James
100%
Ben Simmons
92%
Chris Paul
92%
Damian Lillard
92%
James Harden
92%
Klay Thompson
92%
Kyrie Irving
92%
Stephen Curry
92%
Dillon Brooks
85%
Marcus Smart
85%
Rudy Gobert
77%
Daniel Theis
46%
Giannis Antetokoumpo
15%
Thanasis Antetokoumpo
15%

Score Distribution

Percentile by Number Answered

Percent of People with Each Score

Your Score History

You have not taken this quiz